00658nam a2200193Ia 4500008004100000050001300041050001500054100003100069245015700100245003200257260003100289260001000320260001000330300001500340300002000355300001100375500005600386521002200442170504s9999 xx 000 0 und d aLB 1067  b.R218 2016 aRapirap, Cacharelle Mae R. aEffects of experiential learning on the acquisition of instrumental life skills of young adults with autism spectrum disorder at candent learning haus / cChacharelle Mae R. Rapirap. aLas Piñas, Philippines : bSISC, c2016. a75 pages : billustrations ; c28 cm. aIncludes bibliographical references and appendices. aSpecial Education